Evaluating the feliability of macro-economics models (Record no. 49331)
[ view plain ]
| 000 -LEADER | |
|---|---|
| fixed length control field | 00574 a2200193 4500 |
| 041 ## - LANGUAGE CODE | |
| Language code of text/sound track or separate title | Eng |
| 082 ## - DEWEY DECIMAL CLASSIFICATION NUMBER | |
| Classification number | 339 |
| Item number | In8e |
| 100 ## - MAIN ENTRY--PERSONAL NAME | |
| Personal name | Chow , Gregory C. ed. |
| 9 (RLIN) | 6020 |
| 245 ## - TITLE STATEMENT | |
| Title | Evaluating the feliability of macro-economics models |
| 260 ## - PUBLICATION, DISTRIBUTION, ETC. | |
| Place of publication, distribution, etc. | Chichester |
| Name of publisher, distributor, etc. | John Wiley and Sons |
| Date of publication, distribution, etc. | 1982 |
| 300 ## - PHYSICAL DESCRIPTION | |
| Extent | vii,315p; illus. |
| 504 ## - BIBLIOGRAPHY, ETC. NOTE | |
| Bibliography, etc. note | Bibliography at the end of each chapter |
| 650 ## - SUBJECT ADDED ENTRY--TOPICAL TERM | |
| Topical term or geographic name entry element | Mathematical economics |
| 9 (RLIN) | 6021 |
| 650 ## - SUBJECT ADDED ENTRY--TOPICAL TERM | |
| Topical term or geographic name entry element | Mathematical models |
| 9 (RLIN) | 251 |
| 650 ## - SUBJECT ADDED ENTRY--TOPICAL TERM | |
| Topical term or geographic name entry element | Econometrics |
| 9 (RLIN) | 2937 |
| 650 ## - SUBJECT ADDED ENTRY--TOPICAL TERM | |
| Topical term or geographic name entry element | Economic models |
| 9 (RLIN) | 6023 |
| 653 ## - INDEX TERM--UNCONTROLLED | |
| Uncontrolled term | Macroeconomics |
| 942 ## - ADDED ENTRY ELEMENTS (KOHA) | |
| Source of classification or shelving scheme | Dewey Decimal Classification |
| Koha item type | General Collections |
| Withdrawn status | Lost status | Source of classification or shelving scheme | Damaged status | Not for loan | Home library | Current library | Date acquired | Total Checkouts | Full call number | Barcode | Date last seen | Price effective from | Koha item type |
|---|---|---|---|---|---|---|---|---|---|---|---|---|---|
| Dewey Decimal Classification | Tribhuvan University Central Library | Tribhuvan University Central Library | 12/21/2010 | 339 In8e | 89013 | 12/21/2010 | 12/21/2010 | General Collections |
